000 01056cam a2200265 a 4500
005 20161104075622.0
008 161104s2010 xxu r 001 0 eng d
010 _a 2010924017
020 _a9780761851325
035 _a(OCoLC)ocn567195377
040 _aCO-BoUCM
_bspa
_cSandra Palacio
_dSandra Palacio
041 0 _aeng
050 0 0 _aLC1011
_b.L457 2010
245 0 4 _aThe liberal arts tradition
_ba documentary history
_c[compilado y editado por] Bruce A. Kimball.
260 _aLanham (Maryland, Estados Unidos)
_bUniversity Press of America
_c2010
300 _aviii, 511 páginas
504 _aIncluye referencias bibliográficas e índices y glosario
650 1 7 _aEducación humanística
_zEstados Unidos
_xHistoria
_913834
650 2 7 _aEducación humanística
_xHistoria
_913834
690 _aTeoría de la educación
_925273
700 1 _aKimball, Bruce A.
_d1951-
_981584
710 2 _aAssociation for Core Texts and Courses
_981585
942 _2DEWEY
_cLIBRORESER
_a10
_e1
_h370.112
_mL791la
999 _c305144
_d305144